00458nam a2200157Ia 4500003000900000008004100009040001600050080001900066100001500085245005000100260004000150300001600190650004100206650002700247650002600274IN-BaIIA211028s9999 xx 000 0 eng d cIIA Library a03:535:33bKAY aKayser, H. 0aHandbuch der spectroscopiebvol. IcH. Kayser aLeipzigbVerlag Von S. Hirzelc1900 axxiv, 781p. aAstronomy and Astrophysics Thesaurus aHandbooks-Spectroscopy aSpectroscopy-Handbook